Conversaciones para el entendimiento /

Saved in:
Bibliographic Details
Main Author: Canales, Manuel
Format: Text
Series:SERIE POLITICAS SOCIALES/CEPAL
Subjects:
Tags: Add Tag
No Tags, Be the first to tag this record!

MARC

LEADER 00000 a a2200000 04500
001 48413
003
040
090 |a REV1291 (58) 2002  
100 |a Canales, Manuel  
245 |a Conversaciones para el entendimiento /  |c Manuel Canales  
440 |a SERIE POLITICAS SOCIALES/CEPAL  
650 |a INVESTIGACION SOCIAL  
650 |a PARTICIPACION COMUNITARIA  
650 |a SOCIOLOGIA  
650 |a TEORIA  
773 |g número58, (2001)  
999 |c 24550  |d 24550